000 00487nam a2200193Ia 4500
005 20250423095226.0
008 250422s9999 xx 000 0 und d
020 _a978-81-224-2167-5 / 81-224-2167-9
050 _aQC 28.5 .S65/
100 _aS.k.Srivastava
245 0 _aEngineering physics : theory and experiments
250 _a5th ed.
260 _aNew Delhi
260 _bNew age international
260 _c2007
300 _a372 p
650 _aEngineering
942 _cBK
999 _c29625
_d29625